00442nam a2200157Ia 4500001000500000005001700005008004100022041000800063082001500071100002900086245011600115260000900231300002800240650000800268654000800276316420260306144900.0260306t2013||||xx |||||||||||||| ||spa|| aESP a261.8bC93 aCrepaldi, GiampaoloeAUT 0aIdeología de género y naturaleza humana:bcuarto informe sobre la doctrina social de la iglesia en el mundo c2013 a166 páginas :c24 cm. aGEN aCHU